| 000 | 00735nam a2200241 i 4500 | ||
|---|---|---|---|
| 001 | aBPC | ||
| 003 | OSt | ||
| 005 | 20180403103602.0 | ||
| 008 | 080605s2008 espao 001 0 spa d | ||
| 020 | _a978-970-15-1416-0 | ||
| 040 |
_aBCRI _cBCRI |
||
| 082 | _a006.6 | ||
| 082 | _a005.6 | ||
| 100 |
_936801 _aCórdoba Moreno, Enrique |
||
| 245 | 1 | 0 |
_aPhotoshop CS3 _b: curso completo _cEnrique Córdoba Moreno |
| 260 |
_aMéxico _bAlfaomega _c20089 |
||
| 300 |
_a926 p. _bil. _c23 cm |
||
| 630 | 0 | 4 |
_93688 _aPhotoshop (Programa de computadora) |
| 650 | 2 | 4 |
_91894 _aDiseño asistido por computadora |
| 700 |
_936802 _aGonzález Alvarez, Carmen |
||
| 700 |
_936803 _aCórdoba González, Carmen |
||
| 942 |
_2ddc _cBK _hprozim |
||
| 999 |
_c22964 _d22964 |
||